| 000 | 00507nam a2200193Ia 4500 | ||
|---|---|---|---|
| 008 | 170918s9999 xx 000 0 und d | ||
| 020 | _a451526031 | ||
| 050 | _bD812so 1995 | ||
| 100 | _aDu Bois, W.E.B. | ||
| 245 | 4 | _aThe souls of black folk / | |
| 245 | _cby W.E.B. Du Bois ; with an introduction by Randall Kenan. | ||
| 260 | _aNew York : | ||
| 260 | _bSignet Classic, | ||
| 260 | _c1995 | ||
| 300 | _a280 pages : | ||
| 300 | _billustrations ; | ||
| 300 | _c17cm. | ||
| 300 | _eSignet classic. | ||
| 999 |
_c343963 _d343963 |
||